| 000 | 00956nam a2200277 i 4500 | ||
|---|---|---|---|
| 001 | bg | ||
| 100 | 1 |
_aBauer, Jaroslav _d(1920-1995). |
|
| 245 | 1 | 0 |
_aSkały i minerały : _bprzewodnik / _ctekst Jaroslav Bauer ; fot. František Tvrz ; tł. z jęz. ang. Iwona Dąbrowska. |
| 246 | 1 |
_aRocks and precious stones : _ba field guide in colour to minerals |
|
| 260 |
_aWarszawa : _bMultico Oficyna Wydawnicza, _c1997. |
||
| 300 |
_a219 s. : _bil. (w tym kolor.) ; _c20 cm. |
||
| 500 | _aTyt. tł. : "Rocks and precious stones : a field guide in colour to minerals" 1992. Oryg. czeski. | ||
| 504 | _aIndeksy. | ||
| 650 | 9 | _aMinerały | |
| 655 | _aAtlasy | ||
| 700 | 1 |
_aTvrz, František _d(1908- ). _eFot. |
|
| 700 | 1 |
_aDąbrowska, Iwona. _eTł. |
|
| 020 | _a8370730507 | ||
| 040 | _cBPK | ||
| 041 | _apol | ||
| 044 | _aPOL | ||
| 080 | _a548/549:553](02.025.2) | ||
| 920 | _a83-7073-050-7 | ||
| 942 | _cKS | ||
| 008 | s pl f |000 0 pol | ||
| 999 |
_c55973 _d55973 |
||
| 856 |
_uhttp://koha.tu.koszalin.pl/cgi-bin/koha/opac-detail.pl?biblionumber=55973 _yKatalog online BPK |
||